| 000 | 01149cam a22003617a 4500 | ||
|---|---|---|---|
| 999 |
_c234577 _d234577 |
||
| 001 | 13021912 | ||
| 003 | Nust | ||
| 005 | 20170324123450.0 | ||
| 008 | 020930s2002 pk 000 0 eng | ||
| 010 | _a 2002344614 | ||
| 020 | _a0195798333 | ||
| 025 | _aP-E-2002344614; 05; 06 | ||
| 035 | _a(DLC) 2002344614 | ||
| 040 |
_aDLC _cDLC |
||
| 042 | _alcode | ||
| 050 | 0 | 0 | _aMLCS 2002/02623 (P) |
| 082 |
_a823.914 _bSHA |
||
| 100 | 1 |
_aShamsie, Kamila, _d1973- |
|
| 245 | 1 | 0 |
_aKartography / _cKamila Shamsie. |
| 260 |
_aKarachi : _bOxford University Press, _c2002. |
||
| 300 |
_a343 p. ; _c22 cm. |
||
| 500 | _aNovel. | ||
| 500 | _a"Selected as one of orange's 21 writers for the 21st century"--Cover. | ||
| 650 | 0 |
_aSeparation (Psychology) _vFiction. |
|
| 650 | 0 |
_aPakistanis _zEngland _vFiction. |
|
| 650 | 0 |
_aImmigrants _vFiction. |
|
| 650 | 0 |
_aFriendship _vFiction. |
|
| 651 | 0 |
_aKarachi (Pakistan) _vFiction. |
|
| 651 | 0 |
_aLondon (England) _vFiction. |
|
| 655 | 7 |
_aLove stories. _2gsafd |
|
| 906 |
_a7 _bcbc _corigode _d3 _encip _f20 _gy-gencatlg |
||
| 942 |
_2ddc _cBK |
||